Obesity and the economics of prevention fit not fat

Salvato in:
Dettagli Bibliografici
Autore principale: Sassi, Franco
Natura: Libro
Lingua:inglese
Pubblicazione: Paris OECD 2010
Soggetti:
Tags: Aggiungi Tag
Nessun Tag, puoi essere il primo ad aggiungerne!!

MARC

LEADER 00000nam a2200000 4500
001 0125373
005 20221108071332.7
020 |a 978-92-64-06367-9 
041 0 |a eng 
044 |a FR 
245 1 0 |a Obesity and the economics of prevention  |b fit not fat  |c Franco Sassi 
264 1 |a Paris  |b OECD  |c 2010 
300 |a 265 s. 
610 2 0 |a obyvateľstvo 
610 2 0 |a stravovanie spoločné 
610 2 0 |a potraviny 
610 2 0 |a chorobnosť 
610 2 0 |a deti 
610 2 0 |a problémy spoločenské 
610 2 0 |a opatrenia 
610 2 0 |a analýza ekonomická 
610 2 0 |a náklady 
610 2 0 |a prevencia 
610 2 0 |a ochrana zdravia 
610 2 0 |a porovnanie štatistické medzinárodné 
100 1 |a Sassi, Franco